| 000 | 00793nam0a22002531 4500 | ||
|---|---|---|---|
| 001 | rc\821110 | ||
| 005 | 20041129091504.9 | ||
| 035 | _a(NLR Aleph) 006003777 | ||
| 090 |
_a7256221 _c7256221 |
||
| 100 | _a20041129d1983 u |0rusy50 ca | ||
| 101 | 0 | _arus | |
| 102 | _aRU | ||
| 105 | _aa ||||||||| | ||
| 200 | 1 | _aРадиотехнический кружок и его работа | |
| 210 |
_aМ. _cРадио и связь _d1983 |
||
| 215 |
_a103 с. _cил. _d21 |
||
| 225 | 1 |
_aМассовая радиобиблиотека _vВып. 1061 |
|
| 320 | _aБиблиогр.: с. 99-100 (9 назв.) | ||
| 700 | 1 |
_aБорисов _bВ. Г. _gВиктор Гаврилович |
|
| 801 | 0 |
_aRU _bNLR _gpsbo |
|
| 801 | 1 |
_aRU _bELAR _2rusmarc |
|
| 852 |
_aNLR _j83-5/3661 |
||
| 942 | _cBOOK | ||
| 980 | _aNB | ||